000 01312 a2200241 4500
001 44902
005 20260407155723.0
008 260407a2001 arg spa d
003 AR-UNSa-BCEJYS
040 _aAR-UNSa-BCEJYS
_bspa
_cAR-UNSa-BCEJYS
080 _a338.2(82)
_xPolítica económica. Control de la economía. Gestión de la economía. Planificación económica en Argentina
245 1 0 _aNuevas lecturas de política económica
_p(Argentina en la globalización)
020 _a987-9094-47-6
264 1 _aCórdoba :
_bEdiciones Eudecor
_c2001
300 _a573 p.
_c25 cm.
505 _a1. Política, Instrumentos y Pensamiento Económicos – 2. Origen y Desarrollo de la Economía Argentina – 3. El Mercado Laboral – 4. Sector Externo y Restricción Externa – 5. El Sector Primario: Agro Minería – 6. El Sector Manufacturero – 7. Los Mercados Financieros – 8. Economías Regionales – 9. Aspectos Fiscales – 10. Empresas Estatales e Infraestructura – 11. El Gasto Social – 12. Otros Análisis Económicos.
041 _aspa
942 _cBK
590 _aniveau_biblio:m niveau_hierar:0
100 1 _aDiaz Cafferata, Alberto M.
700 1 _aFigueras, Alberto José
856 4 1 _uhttps://www.biblioeco.unsa.edu.ar/pmb/images/libros/L127025.jpg
_yImagen de portada
_qimage/jpeg
999 _c3843
_d3843